000 00717nam a2200193 i 4500
001 167834
003 ES-MaACL
005 20230906213615.0
008 050928s1889 xxkoab | |||||||| ||eng d
040 _aCAM
_bspa
_cCAM
100 1 _aWallace, Alfred Russel.
_9115944
245 1 0 _aDarwinism
_b: an exposition of the theory of natural selection with some of its application /
_cby Alfred Russel Wallace.
260 _aLondon :
_bMacmillan and Co.,
_c1889.
300 _aXVI, 494 p., [1] h. de fot., [1] h. de map. pleg. :
_bil ;
_c20 cm.
599 _aLa h. de fot., retrato del autor.
650 4 _aEvolución.
_912625
650 0 4 _aSelección natural.
_917030
852 4 _a BA
_jG-10637
_z. -- Enc. tela verde
999 _c167834
_d167834